[Event "Aragon-chT Autonomico"]
[Site "Aragon"]
[Date "2007.02.03"]
[Round "2"]
[White "Abril Avellanas, Eduardo"]
[Black "Martinez Asensio, Juan Miguel"]
[Result "1/2-1/2"]
[WhiteElo "2196"]
[BlackElo "1970"]
[PlyCount "51"]
[EventDate "2007.01.27"]
[EventType "team-tourn"]
[EventRounds "9"]
[EventCountry "ESP"]
[SourceTitle "EXT 2008"]
[Source "ChessBase"]
[SourceDate "2007.11.25"]
[SourceVersion "1"]
[SourceVersionDate "2007.11.25"]
[SourceQuality "1"]
[WhiteTeam "Huesca Club Atletismo"]
[BlackTeam "Caissa II"]
[WhiteTeamCountry "ESP"]
[BlackTeamCountry "ESP"]

1. d4 d5 2. c4 c6 3. Nc3 Nf6 4. Nf3 g6 5. e3 Bg7 6. Be2 0-0 7. 0-0 Bg4 8. Qb3 Qb6 9. h3 Bxf3 10. Bxf3 e6 11. Rd1 Nbd7 12. Bd2 Rfe8 13. cxd5 Qxb3 14. axb3 exd5 15. b4 a6 16. Na4 Ne4 17. Nc5 Ndxc5 18. bxc5 Nxd2 19. Rxd2 f5 20. Ra4 Re7 21. Rb4 Rf8 22. g3 h5 23. h4 Bf6 24. Kg2 Kg7 25. Rd1 Rd8 26. Rb3 1/2-1/2

[Event "Aragon-chT Autonomico"]
[Site "Aragon"]
[Date "2007.02.03"]
[Round "2"]
[White "Martinez Asensio, Juan Miguel"]
[Black "Ramon Perez, Jose Luis"]
[Result "1-0"]
[WhiteElo "2160"]
[BlackElo "2336"]
[PlyCount "77"]
[EventDate "2007.01.27"]
[EventType "team-tourn"]
[EventRounds "9"]
[EventCountry "ESP"]
[SourceTitle "EXT 2008"]
[Source "ChessBase"]
[SourceDate "2007.11.25"]
[SourceVersion "1"]
[SourceVersionDate "2007.11.25"]
[SourceQuality "1"]
[WhiteTeam "Teruel Ibercaja"]
[BlackTeam "Agrupacion"]
[WhiteTeamCountry "ESP"]
[BlackTeamCountry "ESP"]

1. d4 Nf6 2. c4 e6 3. Nf3 Bb4+ 4. Nbd2 c5 5. a3 Bxd2+ 6. Bxd2 Ne4 7. dxc5 Qc7 8. b4 a5 9. g3 Nxd2 10. Nxd2 Qe5 11. Rb1 axb4 12. axb4 h5 13. Bg2 h4 14. Ne4 Nc6 15. e3 g5 16. 0-0 hxg3 17. hxg3 f5 18. Nd6+ Ke7 19. b5 Nd8 20. Ra1 Rb8 21. Qd4 Qf6 22. Qxf6+ Kxf6 23. Rfd1 Ke7 24. Ra7 Rf8 25. c6 bxc6 26. bxc6 Nf7 27. cxd7 Bxd7 28. Nxf7 Kxf7 29. Raxd7+ Kf6 30. c5 Rb2 31. c6 Rc2 32. Kf1 g4 33. R1d2 Rc3 34. Rd8 Rf7 35. R2d7 e5 36. Bd5 Rg7 37. Rxg7 Kxg7 38. Rd7+ Kf6 39. c7 1-0

[Event "ESP Autonomico-chT"]
[Site "Spain"]
[Date "2006.04.01"]
[Round "9.22"]
[White "Sarto Ramos, Angel"]
[Black "Martinez Asensio, Juan Miguel"]
[Result "1-0"]
[WhiteElo "2095"]
[BlackElo "2168"]
[PlyCount "113"]
[EventDate "2006.02.04"]
[EventType "team-tourn"]
[EventRounds "9"]
[EventCountry "ESP"]
[SourceTitle "EXT 2007"]
[Source "ChessBase"]
[SourceDate "2006.11.23"]
[SourceVersion "1"]
[SourceVersionDate "2006.11.23"]
[SourceQuality "1"]

1. d4 Nf6 2. Nf3 c5 3. e3 b6 4. Bd3 Bb7 5. Nbd2 g6 6. 0-0 Bg7 7. Qe2 0-0 8. c3 d6 9. dxc5 dxc5 10. e4 Nc6 11. Ba6 Bxa6 12. Qxa6 Qc7 13. Re1 Rad8 14. Qe2 e6 15. Nf1 Rd7 16. Ng3 Ng4 17. h3 Nge5 18. Nxe5 Nxe5 19. Bf4 Qc6 20. Rad1 Rfd8 21. Rxd7 Rxd7 22. Rd1 h6 23. f3 c4 24. Rxd7 Qxd7 25. Qd2 Qxd2 26. Bxd2 Kf8 27. Ne2 Ke8 28. Nc1 h5 29. Kf2 Kd7 30. Ke2 Kc6 31. Be3 Nd7 32. Kd2 Nc5 33. Kc2 f5 34. exf5 exf5 35. b4 Ne6 36. a4 a6 37. Ne2 Be5 38. f4 Bf6 39. g3 b5 40. a5 Kd5 41. Kd2 Ke4 42. Bf2 h4 43. gxh4 Nxf4 44. Ng1 Nd3 45. Bb6 Bxh4 46. Ne2 f4 47. Nd4 f3 48. Nxb5 axb5 49. a6 f2 50. a7 f1Q 51. a8Q+ Kf5 52. Qc8+ Ke5 53. Bc7+ Kd5 54. Qd7+ Ke4 55. Qd4+ Kf3 56. Qg4+ Kf2 57. Bb6+ 1-0

[Event "ESP Autonomico-chT"]
[Site "Spain"]
[Date "2006.02.18"]
[Round "3.10"]
[White "Fontana Sotomayour, Luis Javier"]
[Black "Martinez Asensio, Juan Miguel"]
[Result "1-0"]
[WhiteElo "2315"]
[BlackElo "2168"]
[PlyCount "51"]
[EventDate "2006.02.04"]
[EventType "team-tourn"]
[EventRounds "9"]
[EventCountry "ESP"]
[SourceTitle "EXT 2007"]
[Source "ChessBase"]
[SourceDate "2006.11.23"]
[SourceVersion "1"]
[SourceVersionDate "2006.11.23"]
[SourceQuality "1"]

1. Nc3 c5 2. d4 cxd4 3. Qxd4 Nc6 4. Qh4 g6 5. e4 Bg7 6. Bd2 d6 7. 0-0-0 Be6 8. Kb1 Rc8 9. Nh3 Nf6 10. Ng5 Bd7 11. f4 h6 12. Nf3 Be6 13. Bd3 Qb6 14. f5 g5 15. Qe1 Bd7 16. Be3 Qa5 17. Nd5 Qxe1 18. Rhxe1 Ng4 19. Bg1 e6 20. h3 Nf6 21. Ne3 Ne5 22. Nxe5 dxe5 23. Nc4 Ke7 24. Bxa7 exf5 25. exf5 e4 26. Bxe4 1-0

[Event "Autonomico-chT"]
[Site "Aragon"]
[Date "2005.03.12"]
[Round "7.6"]
[White "Martinez Asensio, Juan Miguel"]
[Black "Del Rey, Diego"]
[Result "0-1"]
[WhiteElo "2168"]
[BlackElo "2378"]
[PlyCount "90"]
[EventDate "2005.01.22"]
[EventType "team-tourn"]
[EventRounds "12"]
[EventCountry "ESP"]
[SourceTitle "EXT 2006"]
[Source "ChessBase"]
[SourceDate "2005.11.24"]
[SourceVersion "1"]
[SourceVersionDate "2005.11.24"]
[SourceQuality "1"]

1. e4 e5 2. Nf3 d6 3. d4 Nf6 4. Nc3 Nbd7 5. Bc4 Be7 6. 0-0 0-0 7. Re1 c6 8. a4 a5 9. Bg5 Re8 10. Qd2 exd4 11. Nxd4 Nc5 12. Bf1 h6 13. Bf4 Bf8 14. f3 Qb6 15. Kh1 Bd7 16. Bc4 Qb4 17. Ba2 Rad8 18. Qf2 Qxb2 19. Bd2 Qb6 20. Rab1 Qc7 21. Qg3 Re5 22. Nde2 Nh5 23. Qf2 Be6 24. Bxe6 Rxe6 25. Be3 g6 26. Red1 Ree8 27. g4 Nf6 28. Qh4 Qe7 29. Bxh6 Bxh6 30. Qxh6 Nh7 31. Kg2 Qf6 32. Qf4 Qe5 33. Qxe5 dxe5 34. h4 Nf6 35. Kf2 Kf8 36. Ke3 Ke7 37. Ng3 Rh8 38. h5 Rxd1 39. Rxd1 Ne6 40. Rg1 Rg8 41. Rh1 Nd4 42. hxg6 fxg6 43. f4 Nd7 44. Rh7+ Kd6 45. Rf7 Nf8 0-1